000 01006nam a22003137a 4500
001 5831
003 FISKH
005 20250123154827.0
008 250123b cb ||||| |||| 00| 0 eng d
020 _a9781447299493
040 _aFISKH
_beng
_cFISKH
_dFISKH
050 _aPZ7.D15243
082 _a823.9
100 _aDale, Jenny
_d(1956-)
245 _aGus :
_cby Jenny Dale Illustrated by Frank Rodgers A Working Partners Book
_bThe greedy puppy /
250 _aThis edition published in 1999
260 _aLondon :
_bMacmillan,
_c1999.
300 _a60 pages :
_billustrations ;
_c20 cm
490 _aJenny Dale's puppy tales
505 _aL
520 _aGus is a very greedy puppy. He eats anything! When Mrs. Wilson's diamond ring disappears, Gus is the prime suspect.
521 8 _a510
_bLexile estimate
521 8 _aL
_bRaz-Plus
650 _2Dogs
_aChapter book
650 _2Pets
_aAnimal
700 _aRodgers, Frank
_dillustrator
942 _2ddc
_cBK
_n0
999 _c5831
_d5831